Taʼwīl mukhtalif al-ḥadīth. (Record no. 50680)

MARC details
000 -LEADER
fixed length control field 00597cam a22002171 4500
001 - CONTROL NUMBER
control field ne 68003050
003 - CONTROL NUMBER IDENTIFIER
control field DLC
005 - DATE AND TIME OF LATEST TRANSACTION
control field 20260227111845.0
008 - FIXED-LENGTH DATA ELEMENTS--GENERAL INFORMATION
fixed length control field 890925s1966 xx 000 0 ara
010 ## - LIBRARY OF CONGRESS CONTROL NUMBER
LC control number ne 68003050
035 ## - SYSTEM CONTROL NUMBER
System control number (OCoLC)23501533
040 ## - CATALOGING SOURCE
Original cataloging agency DLC
Transcribing agency MiU
Modifying agency DLC
042 ## - AUTHENTICATION CODE
Authentication code premarc
050 00 - LIBRARY OF CONGRESS CALL NUMBER
Classification number BP136.8
Item number .I25 1966
100 2# - MAIN ENTRY--PERSONAL NAME
Personal name Ibn Qutaybah, ʻAbd Allāh ibn Muslim,
Dates associated with a name 828-889?
245 10 - TITLE STATEMENT
Title Taʼwīl mukhtalif al-ḥadīth.
260 ## - PUBLICATION, DISTRIBUTION, ETC.
Date of publication, distribution, etc. 1966
300 ## - PHYSICAL DESCRIPTION
Extent 12, 367 p.
Dimensions 24 cm.
504 ## - BIBLIOGRAPHY, ETC. NOTE
Bibliography, etc. note Bibliographical footnotes.
650 #0 - SUBJECT ADDED ENTRY--TOPICAL TERM
Topical term or geographic name entry element Hadith
General subdivision Criticism, interpretation, etc.

No items available.

Powered by Koha